000 00417cam a2200181ua 4500
020 _c1.00
041 _ahin
_h
082 _a891.54
_bSIY/NA
100 _aSiyaramsharan, Gupta .
245 _aNakul /
_cSiyaramsharan gupta.
_hTextual Documents
250 _a2 /
_b.
260 _a :
_bSahitya Bhawan ,
_c1963.
300 _a109 ; .
365 _a1.00
504 _a
942 _cBK
999 _c4080
_d4080